000 00345 a2200145 4500
001 47958
040 _cAnchieta - Aquarius
100 _aHeck, Lenira Almeida
240 1 0 _aO galo Tião e a dinda Raposa
_lpor
245 1 0 _aO galo Tião e a dinda Raposa
300 _a40
362 0 _a2004
650 4 _aLiteratura infanto-juvenil
942 _cBK
999 _c47958
_d47958